000 00932nam a2200301 a 4500
001 000015322
003 DO-SdBPM
005 20250626121004.0
007 ta
008 100205s2009 dr 000 f spa d
020 _a9789945068993
040 _aDO-SdBPM
_bspa
_cBPMSU
_drda
082 4 _aRD863.44
_bG277u 2009
_222
100 1 _aGautier, Manuel Salvador,
_d1930-2021
_eautor
245 1 0 _aUn árbol para esconder mariposas /
_cGautier Manuel Salvador.
264 _aSanto Domingo :
_bEditorial Santuario,
_c2009.
300 _a143 páginas . ;
_c22 cm.
336 _atexto
_btxt
_2rdacontent
337 _asin mediación
_bn
_2rdamedia
338 _avolumen
_bnc
_2rdacarrier
590 _aInventariado, 2025 /VM
650 7 _aNovela dominicana
650 7 _aLiteratura dominicana.
650 z _aDominican fictions
650 z _aDominican literature
910 _aVMateo V. Control de calidad. BPMSU
942 _2ddc
_cBK
999 _c15229
_d15229